Score 0/26 Timer 03:00
1 Play Today
Hint Answer % Correct
Nelson ____Mandela
96.5%
____ CastroFidel
95.6%
____ ChurchillWinston
95.2%
Dwight D. ____Eisenhower
94.7%
____ StalinJoseph
93.9%
____ SadatAnwar
77.7%
____ Il-sungKim
76.6%
____ LeninVladimir
74.9%
____ GandhiIndira
74.1%
____ MeirGolda
73.7%
____ WałęsaLech
67.2%
Benazir ____Bhutto
63.9%
Mao ____Zedong
63.5%
Hint Answer % Correct
____ TrudeauPierre
60%
____ AndropovYuri
58%
____ MugabeRobert
56.2%
____ MubarakHosni
48.8%
Jawaharlal ____Nehru
47.7%
____ AquinoCorazon
44.3%
Josip Broz ____Tito
43%
____ AllendeSalvador
31.7%
Deng ____Xiaoping
29.6%
Porfirio ____Díaz
17.4%
Vidkun ____Quisling
16.7%
____ AriasÓscar
14.6%
Walter ____Ulbricht
8.4%

Today's Daily Dose

Remove Ads.
Support Sporcle.
Get the best of Sporcle when you Go Orange. This ad-free experience offers more features, more stats, and more fun while also helping to support Sporcle. Thank you for becoming a member.

You're not logged in!

Compare scores with friends on all Sporcle quizzes.
OR
Log In

Show Comments

Extras

Top Quizzes Today


Score Distribution

Your Account Isn't Verified!

In order to create a playlist on Sporcle, you need to verify the email address you used during registration. Go to your Sporcle Settings to finish the process.

Report this User

Report this user for behavior that violates our Community Guidelines.

Details: